000 01302cam a2200361 a 4500
001 15902723
003 OSt
005 20230110151251.0
008 090911s2009 enka b 001 0 eng
010 _a 2009035874
015 _aGBA788194
_2bnb
016 7 _a014235216
_2Uk
020 _a9780470059821 (cloth)
020 _a0470059826 (cloth)
035 _a(OCoLC)ocn436387160
040 _aDLC
_cDLC
_dBWKUK
_dUKM
_dDLC
_dGSU
_erda
_beng
050 0 0 _aTA654.9
_bGAU
082 0 0 _a624.1
_222
100 1 _aGaudenzi, Paolo.
245 1 0 _aSmart structures :
_bphysical behaviour, mathematical modelling and applications /
_cPaolo Gaudenzi.
260 _aChichester, U.K. :
_bWiley,
_c2009.
264 4 _c©2009
300 _axv, 177 pages :
_billustrations ;
_c24 cm.
336 _atext
_2rdacontent
337 _aunmediated
_2rdamedia
338 _avolume
_2rdacarrier
504 _aIncludes bibliographical references and index.
650 0 _aSmart structures
_xMathematical models.
650 0 _aStructural control (Engineering)
906 _a7
_bcbc
_corignew
_d1
_eecip
_f20
_gy-gencatlg
942 _2lcc
_cBK
_n0
999 _c1520
_d1520